Preddavky na daň z príjmov právnickej osoby v roku 2022

Preddavky na daň z príjmov u právnických osôb podľa zákona č. 595/2003 Z. z. o dani z príjmov v z. n. p., s názornými príkladmi k predmetným problematikám. Výška a lehoty platenia preddavkov. Platenie preddavkov na daň a vyrovnanie preddavkov na daň z príjmov. Vrátenie preddavkov na daň alebo rozdie...

Ausführliche Beschreibung

Gespeichert in:
Bibliographische Detailangaben
1. Verfasser: Vidová, Michaela
Format: Buchkapitel
Sprache:Slowakisch
Schlagworte:
Tags: Tag hinzufügen
Keine Tags, Fügen Sie das erste Tag hinzu!

MARC

LEADER 00000naa a2200000 4500
001 0283116
005 20220407113339.4
041 0 |a slo 
044 |a SK 
245 1 0 |a Preddavky na daň z príjmov právnickej osoby v roku 2022  |c Michaela Vidová 
520 |a Preddavky na daň z príjmov u právnických osôb podľa zákona č. 595/2003 Z. z. o dani z príjmov v z. n. p., s názornými príkladmi k predmetným problematikám. Výška a lehoty platenia preddavkov. Platenie preddavkov na daň a vyrovnanie preddavkov na daň z príjmov. Vrátenie preddavkov na daň alebo rozdielu zaplatených preddavkov na daň. Oznamovanie výšky preddavkov správcom dane daňovníkom. 
610 2 0 |a dane z príjmov 
610 2 0 |a preddavky 
610 2 0 |a osoby právnické 
610 2 0 |a daňovníci 
610 2 0 |a vyrovnanie daňové 
610 2 0 |a povinnosť oznamovacia 
610 2 0 |a zdaňovanie 
610 2 0 |a právo daňové 
610 2 0 |a zákony 
100 1 |a Vidová, Michaela